书目信息 |
| 题名: |
最优控制的数学方法及应用
|
|
| 作者: | 童季贤 著 | |
| 分册: | ||
| 出版信息: | 成都 西南交通大学出版社 1994 |
|
| 页数: | 268页 | |
| 开本: | 20cm | |
| 丛书名: | ||
| 单 册: | ||
| 中图分类: | O23 | |
| 科图分类: | ||
| 主题词: | 控制论--数学理论 , 信息论--数学理论 | |
| 电子资源: | ||
| ISBN: | 7-81022-665-7 | |
| 000 | 00583nam0 2200193 450 | |
| 001 | 0732828906 | |
| 005 | 20070903090708.90 | |
| 010 | @a7-81022-665-7@d¥6.50 | |
| 100 | @a20070903d km y0chiy0120 ea | |
| 101 | 0 | @achi |
| 200 | 1 | @a最优控制的数学方法及应用@Azui you kong zhi de shu xue fang fa ji ying yong@f童季贤著@Ftong ji xian zhu |
| 210 | @a成都@c西南交通大学出版社@d1994 | |
| 215 | @a268页@d20cm | |
| 606 | 0 | @a控制论@x数学理论 |
| 606 | 0 | @a信息论@x数学理论 |
| 690 | @aO23@v3 | |
| 701 | 0 | @a童季贤@Atong ji xian@4著 |
| 801 | 0 | @aCN@bPFT@c20070903 |
| 905 | @a213230@dO23@eS2@f1 | |
| 最优控制的数学方法及应用/童季贤著.-成都:西南交通大学出版社,1994 |
| 268页;20cm |
| ISBN 7-81022-665-7:¥6.50 |
| ● |
| 相关链接 |
|
|
|
|
正题名:最优控制的数学方法及应用
索取号:O23/S2
 
预约/预借
| 序号 | 登录号 | 条形码 | 馆藏地/架位号 | 状态 | 备注 |
| 1 | 6703594 | 267035941 | 密集书库-数信学院/ [索取号:O23/S2] | 在馆 |